00413nam a2200181Ia 4500003000400000005001700004008004100021020001800062040000700080041000800087082001700095100002200112245002400134250000600158260003700164300001700201365001300218OSt20230425101641.0210423s2010 xx 000 0 und d a9780070085527 cAL aeng a515 SCHF223 aSCHEID (Francis). aNumerical analysis. a2 aNew DelhibTata McGrawhillc2010 axiv,30.7bPB b375cINR